000 00779nam a22002177a 4500
005 2008070702242.0
008 080707t xxu||||| |||| 00| 0 eng d
010 _aENG-90462
020 _a9788120335325
_c295.00
035 _aEN-73995
037 _bDBAD /PUB
040 _aDPL
_bEN
082 _a660.28424
100 _aNath, Kaushik
245 _aMembrane separation processes /
_cby Kaushik Nath
260 _aNew Delhi
_bPrentice-Hall of India
_c2008
300 _axiii, 322p.
_c23cm.(pbk)
500 _aincludes appendix and index
942 _2ddc
_cEN
_h660.28424
_mNAT
999 _c14243
_d14243